Welcome to WEB OPAC of MRSPTU Central Library

Modern Operating Systems (Record no. 6343)

MARC details
000 -LEADER
fixed length control field 00509nam a2200217Ia 4500
003 - CONTROL NUMBER IDENTIFIER
control field OSt
005 - DATE AND TIME OF LATEST TRANSACTION
control field 20230908140726.0
008 - FIXED-LENGTH DATA ELEMENTS--GENERAL INFORMATION
fixed length control field 230711s9999||||xx |||||||||||||| ||und||
020 ## - INTERNATIONAL STANDARD BOOK NUMBER
International Standard Book Number 978-93-325-7577-6
040 ## - CATALOGING SOURCE
Transcribing agency MRSPTU
041 ## - LANGUAGE CODE
Language code of text/sound track or separate title ENG
082 ## - DEWEY DECIMAL CLASSIFICATION NUMBER
Classification number 5.43
Item number TA-O
100 ## - MAIN ENTRY--PERSONAL NAME
Personal name Tanenbaum, Andrew S
245 #0 - TITLE STATEMENT
Title Modern Operating Systems
250 ## - EDITION STATEMENT
Edition statement 1st Ed.
260 ## - PUBLICATION, DISTRIBUTION, ETC.
Date of publication, distribution, etc. 2016
Place of publication, distribution, etc. New Delhi
Name of publisher, distributor, etc. Pearson
300 ## - PHYSICAL DESCRIPTION
Extent 1101p.
650 ## - SUBJECT ADDED ENTRY--TOPICAL TERM
Topical term or geographic name entry element Computer Engineering
700 ## - ADDED ENTRY--PERSONAL NAME
Personal name Bos,Herbert
942 ## - ADDED ENTRY ELEMENTS (KOHA)
Koha item type Book
Source of classification or shelving scheme Dewey Decimal Classification
Holdings
Withdrawn status Lost status Source of classification or shelving scheme Damaged status Not for loan Collection Home library Current library Date acquired Source of acquisition Cost, normal purchase price Inventory number Total checkouts Full call number Barcode Date last seen Price effective from Koha item type Date last checked out
    Dewey Decimal Classification     BK MRSPTU Central Library MRSPTU Central Library   Krishna Book Distributors 699.00 KBD/2016-2017/960442808   5.43 TA-O 36396 03/05/2024 08/17/2023 Book  
    Dewey Decimal Classification     BK MRSPTU Central Library MRSPTU Central Library   Krishna Book Distributors 699.00 KBD/2016-2017/960442808   5.43 TA-O 36397 08/17/2023 08/17/2023 Book  
    Dewey Decimal Classification     BK MRSPTU Central Library MRSPTU Central Library   Krishna Book Distributors 699.00 KBD/2016-2017/960442808 9 5.43 TA-O 36398 01/30/2025 08/17/2023 Book 01/08/2025
    Dewey Decimal Classification     BK MRSPTU Central Library MRSPTU Central Library   Krishna Book Distributors 699.00 KBD/2016-2017/960442808   5.43 TA-O 36399 08/17/2023 08/17/2023 Book  
    Dewey Decimal Classification     BK MRSPTU Central Library MRSPTU Central Library   Krishna Book Distributors 699.00 KBD/2016-2017/960442808 1 5.43 TA-O 36400 02/02/2026 08/17/2023 Book 01/13/2026
    Dewey Decimal Classification     BK MRSPTU Central Library MRSPTU Central Library   Krishna Book Distributors 699.00 KBD/2016-2017/960442808   5.43 TA-O 36401 08/17/2023 08/17/2023 Book  
    Dewey Decimal Classification     BK MRSPTU Central Library MRSPTU Central Library   Krishna Book Distributors 699.00 KBD/2016-2017/960442808 2 5.43 TA-O 36402 01/30/2025 08/17/2023 Book 01/08/2025
    Dewey Decimal Classification     BK MRSPTU Central Library MRSPTU Central Library   Krishna Book Distributors 699.00 KBD/2016-2017/960442808 1 5.43 TA-O 36403 06/11/2024 08/17/2023 Book 05/09/2024
    Dewey Decimal Classification     BK MRSPTU Central Library MRSPTU Central Library   Krishna Book Distributors 699.00 KBD/2016-2017/960442808 1 5.43 TA-O 36404 01/29/2025 08/17/2023 Book 01/08/2025
    Dewey Decimal Classification     BK MRSPTU Central Library MRSPTU Central Library   Krishna Book Distributors 699.00 KBD/2016-2017/960442808 1 5.43 TA-O 36405 03/20/2024 08/17/2023 Book 02/06/2024
    Dewey Decimal Classification     BK MRSPTU Central Library MRSPTU Central Library   Krishna Book Distributors 699.00 KBD/2016-2017/960442808   5.43 TA-O 36406 08/17/2023 08/17/2023 Book  
    Dewey Decimal Classification     BK MRSPTU Central Library MRSPTU Central Library   Krishna Book Distributors 699.00 KBD/2016-2017/960442808 3 5.43 TA-O 36407 04/15/2025 08/17/2023 Book 03/12/2025
    Dewey Decimal Classification     BK MRSPTU Central Library MRSPTU Central Library   Krishna Book Distributors 699.00 KBD/2016-2017/960442808   5.43 TA-O 36408 08/17/2023 08/17/2023 Book  
    Dewey Decimal Classification     BK MRSPTU Central Library MRSPTU Central Library   Krishna Book Distributors 699.00 KBD/2016-2017/960442808 1 5.43 TA-O 36409 10/06/2025 08/17/2023 Book 09/09/2025
    Dewey Decimal Classification     BK MRSPTU Central Library MRSPTU Central Library   Krishna Book Distributors 699.00 KBD/2016-2017/960442808 1 5.43 TA-O 36410 08/20/2025 08/17/2023 Book 02/02/2024

Website Designed and Developed by MRSPTU Central Library Team

E-mail Id: librarian@mrsptu.ac.in